000 01173nam2a2200301 4500
001 RU\NLR\BIBL_A\011318730
005 20250806210216.0
035 _a(NLR Aleph) 011318730
090 _a58293
_c58293
100 _a20250806 rusy50
101 0 _apem
102 _aRU
135 _acrgn 008anaba
200 0 _a1943, № 250 (3312) (19 дек.)
210 _d1943
325 1 _aКопия доступна в электронной библиотеке РНБ
461 0 _1001RU\NLR\BIBL_A\010535095
_12001#$aЛенин туй вылöт$v1943, № 250 (3312) (19 дек.)
852 _aNLR
_bОНЛ
_jКоми-п.г./1-19
856 0 _uhttp://vivaldi.nlr.ru/pn000182310/view
856 1 _uhttp://vivaldi.nlr.ru/pn000182310/cover
856 2 _uhttp://vivaldi.nlr.ru/pn000182310/text
901 _eГазеты
942 _cISSNP
945 _aРоссийская национальная библиотека
980 _aNB
980 _aBV
981 2 7 _a(27) Периодические издания
_b(27) Газеты